مسرح و أوبرا دمنهور

محفوظ في:

المؤلف الرئيسي: .

التنسيق: كتاب

اللغة: Undetermined

منشور في: Damnor : , 2008.

سلاسل: Historic Cairo

الوسوم: إضافة وسم

لا توجد وسوم, كن أول من يضع وسما على هذه التسجيلة!

رقم الطلب: PN2960 .D35

LEADER 00323nam a2200133Ia 4500
008 240329s9999||||xx |||||||||||||| ||und||
050 4 |a PN2960 .D35 
100 1 |a . 
245 1 0 |a  مسرح و أوبرا دمنهور 
264 1 |a Damnor :  |b ,  |c 2008. 
300 |a 95  |c 24 CM 
490 0 |a Historic Cairo 
942 |2 lcc  |c BK 
999 |c 57622  |d 57622